Um dia com os peles-vermelhas (Registo nº 1943)

Detalhes MARC
000 -Etiqueta do registo
Cabeçalho 00821nam a22002891 4500
005 - Identificador da versão
Campo de controlo 20240813121920.0
021 ## - Número do Depósito Legal
Código do país PT
100 ## - Dados gerais de processamento
Dados gerais de processamento 20070530ds.d. cd y0pory5003 ba
102 ## - Pais de publicação ou produção
País de publicação Portugal
101 1# - Língua de publicação
Língua do texto, banda sonora, etc. Português
106 ## - Campo de dados codificados: material textual
Dados codificados do material textual r
105 ## - Campo de dados codificados: livros
Dados codificados dos livros a z 000fy
215 ## - Descrição física 
Indicação específica da natureza do documento e extensão da espécie [19] p.
Outras indicações físicas muito il.
Dimensões 19 cm
200 1# - Titulo e menção de responsabilidade
Título próprio Um dia com os peles-vermelhas
Primeira menção de responsabilidade texto de J. Devos
Outras menções de responsabilidade il. Salvé, Jamio
-- versão portuguesa de Manuel Gama
225 2# - Colecção 
Título próprio da colecção Cavalinho
Indicação de volume 5
210 ## - Publicação, Distribuição, etc. 
Lugar da edição, distribuição, etc. Lisboa
Nome do editor, distribuidor, etc. Verbo
Data da publicação, distribuição, etc. s.d.
606 ## - Nome comum usado como assunto
Número de registo de entrada de autoridade 0000001
Palavra de ordem Literatura estrangeira infantil
Subdivisão de assunto Conto
675 ## - Classificação Decimal Universal (CDU)
Notação 82-34
Edição
Língua da edição por
702 #1 - Nome de autor-pessoa física (responsabilidade secundária)
Número de registo de entrada de autoridade 0000576
Palavra de ordem Gama
Outra parte do nome não tomada para palavra de ordem Manuel
Código de função Tradutor
701 #1 - Nome de autor-pessoa física (co-responsabilidade principal)
Palavra de ordem Salvé
Código de função Ilustrador / Técnico de desenho computorizado
Palavra de ordem Jamio
Código de função Ilustrador / Técnico de desenho computorizado
700 #1 - Nome de autor-pessoa física (responsabilidade principal)
Número de registo de entrada de autoridade 0000573
Palavra de ordem Devos
Outra parte do nome não tomada para palavra de ordem J.
942 ## - Elementos de entrada adicionados (Koha)
Tipo de item no Koha Livro
Exemplares
Situação do levantamento Origin of item (home branch) (coded) Biblioteca de empréstimo Código de barras Cota Circulation type (not for loan) Tipo de documento Nota do exemplar Damaged status
  Biblioteca Escolar da Coca Maravilhas Biblioteca Escolar da Coca Maravilhas BECM1973/93 8EST DEV   Livro Sem mensagem  
  Biblioteca Escolar da Coca Maravilhas Biblioteca Escolar da Coca Maravilhas BECM1983/93 8EST DEV   Livro Sem mensagem